World Heavyweight Champions (WWE) by combined reign - Statistics

General Stats
  • This quiz has been taken 294 times
  • The average score is 20 of 25
Answer Stats
# combined days number of reigns Answer % Correct
8 154 3 John Cena
97%
1 616 5 Triple H
94%
12 138 4 Randy Orton
93%
6 207 3 The Undertaker
90%
7 160 3 CM Punk
88%
3 409 7 Edge
88%
10 154 1 Kane
86%
2 507 4 Batista
85%
11 140 2 Rey Mysterio
83%
14 106 3 Chris Jericho
82%
25 28 1 Shawn Michaels
82%
20 72 2 Big Show
81%
4 223 2 Alberto Del Rio
79%
15 105 1 Daniel Bryan
76%
16 91 1 Mark Henry
75%
5 210 1 Sheamus
75%
24 28 2 Jeff Hardy
74%
23 30 2 Christian
72%
19 82 1 Kurt Angle
72%
9 154 1 Chris Benoit
71%
18 82 1 Jack Swagger
71%
22 61 1 The Great Khali
68%
21 69 2 Dolph Ziggler
67%
17 84 1 Goldberg
63%
13 126 1 King Booker
62%
No matching quizzes found
Score Distribution
Percent of People with Each Score
Percentile by Number Answered
Your Score History
You have not taken this quiz